| 000 | 00674nam a2200229 a 4500 | ||
|---|---|---|---|
| 001 | 26132 | ||
| 003 | CO-ViMGA | ||
| 008 | 141112s2004 ck r 000 u spa d | ||
| 015 | _ack - 2008 - xxxx | ||
| 020 | _a9789584513311 | ||
| 040 |
_aCO-ViMGA _bspa _cCO-ViMGA |
||
| 043 | _as - ag - - - | ||
| 082 | 0 | 4 | _aA863.44 B52d |
| 100 | 1 |
_aBodoc, Liliana, 1958 - _940799 |
|
| 245 | 1 | 0 |
_aLos días de la sombra : _bla saga de los confines II / _cLiliana Bodoc |
| 260 |
_aBogotá : _bNorma, _c2008 |
||
| 300 | _a350 p. ; 20 cm | ||
| 490 | _aLiteratura. Verticales de bolsillo | ||
| 650 | 1 | 4 |
_aNovela argentina - Siglo XXI _940800 |
| 917 | _a0339 20090213 | ||
| 942 |
_2ddc _cBK |
||
| 999 |
_c33352 _d33352 |
||